Blackout by Britney Spears Tracklist - Statistics

General Stats
  • This quiz has been taken 38 times
  • The average score is 12 of 15
Answer Stats
Track # Song Title % Correct
1 Gimme More
97%
4 Break The Ice
94%
6 Get Naked (I Got A Plan)
91%
2 Piece Of Me
85%
3 Radar
85%
8 Toy Soldier
85%
13 Get Back
82%
5 Heaven On Earth
82%
7 Freakshow
79%
9 Hot As Ice
79%
12 Why Should I Be Sad?
76%
14 Everybody
73%
10 Ooh Ooh Baby
67%
11 Perfect Lover
64%
15 Outta This World
45%
No matching quizzes found
Score Distribution
Percent of People with Each Score
Percentile by Number Answered
Your Score History
You have not taken this quiz